书目信息 |
| 题名: |
单片机应用系统的功率接口技术(重印)
|
|
| 作者: | 余永权 编著 | |
| 分册: | ||
| 出版信息: | 北京 北京航空学院出版社 1992.09 |
|
| 页数: | 310页 | |
| 开本: | 26cm | |
| 丛书名: | ||
| 单 册: | ||
| 中图分类: | TP368.1 | |
| 科图分类: | ||
| 主题词: | 微型计算机 | |
| 电子资源: | ||
| ISBN: | 7-81012-334-3 | |
| 000 | 00620nam0 2200193 45 | |
| 001 | 0457081454 | |
| 005 | 2004051215511747 | |
| 010 | @a7-81012-334-3@dCNY 10.80 | |
| 100 | @a20040512d1992 km y0chiy0120 ea | |
| 101 | 0 | @achi |
| 102 | @aCN@b110000 | |
| 200 | 1 | @a单片机应用系统的功率接口技术(重印)@ADan Pian Ji Ying Yong Xi Tong De Gong Lu Jie Kou Ji Shu(Chong Yin)@f余永权等编著@FYu Yong Quan Deng Bian Zhu |
| 210 | @a北京@c北京航空学院出版社@d1992.09 | |
| 215 | @a310页@d26cm | |
| 606 | 0 | @a微型计算机 |
| 690 | @aTP368.1@v3 | |
| 701 | 0 | @a余永权@AYu Yong Quan@4编著 |
| 801 | 0 | @aCN@bPFT@c20040512 |
| 905 | @dTP368.1@eY7772 | |
| 单片机应用系统的功率接口技术(重印)/余永权等编著.-北京:北京航空学院出版社,1992.09 |
| 310页;26cm |
| ISBN 7-81012-334-3:CNY 10.80 |
| ● |
| 相关链接 |
|
|
|
正题名:单片机应用系统的功率接口技术(重印)
索取号:TP368.1/Y7772
 
预约/预借
| 序号 | 登录号 | 条形码 | 馆藏地/架位号 | 状态 | 备注 |
| 1 | 383874 | 203838749 | 自科二线404/301自科库 58排4列3层/ [索取号:TP368.1/Y7772] | 在馆 | |
| 2 | 383875 | 203838758 | 期刊室512/301自科库 58排4列3层/ [索取号:TP368.1/Y7772] | 在馆 | |
| 3 | 383876 | 203838767 | 期刊室512/301自科库 58排4列3层/ [索取号:TP368.1/Y7772] | 在馆 |